Statistiques concernant Pays les plus...

Cliquez ici pour prendre le quiz!

Statistiques générales

  • Ce quiz a été pris 2,362 fois
  • Le résultat moyen est 16 sur 19

Statistiques - réponses

Pays % Correct
États-Unis
100%
Chine
100%
Canada
99%
Inde
99%
Russie
99%
France
98%
Brésil
98%
Japon
95%
Allemagne
94%
Australie
93%
Royaume-Uni
87%
Argentine
82%
Indonesie
80%
Italie
77%
Kazakhstan
64%
Pakistan
63%
Algérie
62%
Nigeria
56%
Bangladesh
52%

Distribution des résultats

Percentile by Number Answered

% des personnes avec chaque résultat

Votre développement - résultats

Vous n’avez pas pris ce quiz